| 000 | 02098nam0a2200361 4500 | ||
|---|---|---|---|
| 001 | RU\NLR\BIBL_A\012572626 | ||
| 005 | 20211005105602.0 | ||
| 010 |
_a978-5-16-014402-3 _9500 |
||
| 021 |
_aRU _bКН-П-21-016532 _9КН-П-21-1305 |
||
| 035 | _a(NLR Aleph) 012572626 | ||
| 090 |
_a12496209 _c12496209 |
||
| 100 | _a20210730d2021 k y0rusy50 ca | ||
| 101 | 0 | _arus | |
| 102 | _aRU | ||
| 105 | _aa|||j|||000zy | ||
| 181 | 0 |
_ai3 _bab2e |
|
| 182 | 0 | _an | |
| 200 | 1 |
_aПсихология дошкольника _eпрактикум _eучебное пособие для студентов высших учебных заведений, обучающихся по направлению подготовки 44.03.02 "Психолого-педагогическое образование" (квалификация (степень) "бакалавр") _eсоответствует требованиям федеральных государственных образовательных стандартов высшего образования последнего поколения _fГ.А. Урунтаева |
|
| 203 |
_aТекст _bвизуальный _cнепосредственный |
||
| 205 | _a4-е изд., испр. | ||
| 210 |
_aМосква _cИНФРА-М _d2021 |
||
| 215 |
_a399, [5] с. _d22 |
||
| 225 | 1 | _aВысшее образование - Бакалавриат | |
| 225 | 1 | _aБакалавриат | |
| 300 | _aНа 4-й с. обл. авт.: Урунтаева Г.А. - д.психол.н., проф., | ||
| 320 | _aБиблиогр.: с. 391-394 (51 назв.) и в подстроч. примеч. | ||
| 606 | 1 |
_aДошкольники _jУчебные издания для высших учебных заведений _xПсихологические исследования _91495515 _3RU\NLR\AUTH\66645960 |
|
| 686 | 1 | _aЮ983.401я73 | |
| 700 | 1 |
_7ca _8rus _aУрунтаева _bГ. А. _gГалина Анатольевна _9110515 _3RU\NLR\AUTH\77464 |
|
| 942 | _cBOOK | ||
| 980 | _aNB | ||